000 00586nam a2200229Ia 4500
003 OSt
005 20220928101634.0
006 a|||||r|||| 00| 0
007 ta
008 220927b |||||||| |||| 00| 0 eng d
024 _a52845
037 _cTextual
040 _aSDCL
_cSDCL
_beng
041 _2eng
_aeng
082 _aR4911, L0
100 _aMurdoch Iris
_9391551
245 0 _aSovereignty of good .
260 _aLondon
_bRoultedge and Kegan Paul
_c1970
300 _a106p.
_ccm.
942 _hR4911, L0
_cTEXL
_2CC
999 _c708734
_d708734